000 00370cam a2200145u 4500
003 OSt
008 830216s1907 pau 000 0 eng
041 _aeng
100 1 _aHarris B
_95714
245 0 0 _aReady-made speeches.
260 _aPhiladelphia,
_bPenn Pub. Co.,
_c1907.
300 _a186 p.
856 4 1 _uhttp://hdl.loc.gov/loc.gdc/scd0001.00222046592
942 _cBK
999 _c18015
_d18015